| 000 | 00881nam a22002177a 4500 | ||
|---|---|---|---|
| 005 | 20120719112311.0 | ||
| 008 | 120719t xxu||||| |||| 00| 0 eng d | ||
| 010 | _aG-002035 | ||
| 020 |
_a9780141022727 _c450.00 |
||
| 035 | _aG-002035 | ||
| 037 |
_adpl _bGift |
||
| 082 | _a330.90511 | ||
| 100 |
_aFriedman, Thomas L. _950271 |
||
| 245 |
_aThe World is Flat; _bthe Globalized World in the Twenth- First Century/ _cby Thomas L. Friedman |
||
| 260 |
_aNew Delhi _bPenguin Group _c2006 |
||
| 270 |
_a11 Communtiy Centre, Panchsheel Park, _bNew Delhi |
||
| 300 |
_a593.00 _c22cm. |
||
| 942 |
_2ddc _cEN _mFRI _h330.90511 |
||
| 999 |
_c68468 _d68468 |
||